[Event "ESP-ch FEDC 26th"]
[Site "Ciudad Real"]
[Date "2017.11.17"]
[Round "6.7"]
[White "Sanz Garcia, Ramon"]
[Black "Pichel Jallas, Juan Jose"]
[Result "1-0"]
[WhiteElo "1771"]
[BlackElo "2053"]
[PlyCount "30"]
[EventDate "2017.11.12"]
[EventType "swiss"]
[EventRounds "8"]
[EventCountry "ESP"]
[SourceTitle "EXT 2024"]
[Source "ChessBase"]
[SourceDate "2023.10.10"]
[SourceVersion "1"]
[SourceVersionDate "2023.10.10"]
[SourceQuality "1"]

1. d4 f5 2. Nf3 Nf6 3. Nc3 e6 4. h3 Be7 5. g4 fxg4 6. hxg4 Nxg4 7. Qd3 Nf6 8. Ng5 d5 9. Nxh7 Rxh7 10. Rxh7 Nxh7 11. Qxh7 Bf6 12. Bf4 Nd7 13. Nb5 e5 14. dxe5 Nxe5 15. Bxe5 Bxe5 1-0

[Event "ESP-ch FEDC 26th"]
[Site "Ciudad Real"]
[Date "2017.11.15"]
[Round "4.13"]
[White "Sanz Garcia, Ramon"]
[Black "Fernandez Cabrero, Fernando"]
[Result "1-0"]
[WhiteElo "1771"]
[BlackElo "1639"]
[PlyCount "95"]
[EventDate "2017.11.12"]
[EventType "swiss"]
[EventRounds "8"]
[EventCountry "ESP"]
[SourceTitle "EXT 2024"]
[Source "ChessBase"]
[SourceDate "2023.10.10"]
[SourceVersion "1"]
[SourceVersionDate "2023.10.10"]
[SourceQuality "1"]

1. d4 c5 2. d5 Nf6 3. c4 b5 4. cxb5 a6 5. b6 d6 6. Nc3 g6 7. e4 Nbd7 8. Nf3 Bg7 9. Be2 0-0 10. 0-0 Nxb6 11. Nd2 Bd7 12. a4 Qc7 13. a5 Nc8 14. Nc4 Qb7 15. Bf4 Bb5 16. h3 Nd7 17. Qc2 Na7 18. Ra3 Rfb8 19. Rb1 Qc8 20. h4 Bxc4 21. Bxc4 Nb5 22. Nxb5 axb5 23. Be2 c4 24. Bg4 Qb7 25. Bxd7 Qxd7 26. Be3 b4 27. Raa1 Qb5 28. Bb6 Rc8 29. Qe2 e6 30. dxe6 fxe6 31. Rd1 Qc6 32. Qg4 Re8 33. Rac1 Bxb2 34. Rc2 Bg7 35. Rcd2 Bf8 36. h5 Qd7 37. hxg6 Qg7 38. gxh7+ Kxh7 39. Qh5+ Kg8 40. Rd4 Rec8 41. e5 d5 42. Rg4 c3 43. Rxg7+ Bxg7 44. Qg6 Rc6 45. Be3 Kf8 46. Rxd5 c2 47. Bc1 b3 48. Rd7 1-0

[Event "ESP-ch FEDC 26th"]
[Site "Ciudad Real"]
[Date "2017.11.13"]
[Round "2.3"]
[White "Sanz Garcia, Ramon"]
[Black "Clemente Llamero, Roberto"]
[Result "0-1"]
[WhiteElo "1771"]
[BlackElo "2133"]
[PlyCount "112"]
[EventDate "2017.11.12"]
[EventType "swiss"]
[EventRounds "8"]
[EventCountry "ESP"]
[SourceTitle "EXT 2024"]
[Source "ChessBase"]
[SourceDate "2023.10.10"]
[SourceVersion "1"]
[SourceVersionDate "2023.10.10"]
[SourceQuality "1"]

1. d4 d5 2. c4 e6 3. Nc3 Nf6 4. cxd5 exd5 5. Bg5 Be7 6. e3 c6 7. Bd3 Nbd7 8. Nf3 0-0 9. 0-0 Re8 10. Qc2 Nf8 11. Rab1 Be6 12. b4 Rc8 13. Rfc1 N6d7 14. Bxe7 Qxe7 15. Qd2 Bg4 16. Be2 Bf5 17. Bd3 Bxd3 18. Qxd3 Nb6 19. a4 Nfd7 20. Nd2 Nf6 21. a5 Nbd7 22. Re1 Qd6 23. e4 dxe4 24. Ndxe4 Nxe4 25. Nxe4 Qd5 26. Nc3 Qd6 27. Ne4 Qg6 28. Qf3 b6 29. axb6 axb6 30. Qf4 Re6 31. b5 cxb5 32. d5 Re5 33. Kf1 Rce8 34. f3 h6 35. Qd2 f5 36. Nc3 Qd6 37. Nxb5 Rxe1+ 38. Rxe1 Rxe1+ 39. Qxe1 Qxd5 40. Qe8+ Kh7 41. Qe2 Qc5 42. g4 Ne5 43. gxf5 Nc4 44. Qd3 Qxb5 45. f6+ Kg8 46. Qd8+ Kh7 47. Qd3+ g6 48. f7 Kg7 49. f8Q+ Kxf8 50. Qd8+ Kf7 51. Qc7+ Ke6 52. Qc8+ Ke5 53. Qc7+ Kf5 54. Qf7+ Kg5 55. Qe7+ Kh5 56. Kg2 Qg5+ 0-1

[Event "ESP-ch FEDC 26th"]
[Site "Ciudad Real"]
[Date "2017.11.12"]
[Round "1.20"]
[White "Martinez Perez, Carlos"]
[Black "Sanz Garcia, Ramon"]
[Result "0-1"]
[WhiteElo "1386"]
[BlackElo "1771"]
[PlyCount "26"]
[EventDate "2017.11.12"]
[EventType "swiss"]
[EventRounds "8"]
[EventCountry "ESP"]
[SourceTitle "EXT 2024"]
[Source "ChessBase"]
[SourceDate "2023.10.10"]
[SourceVersion "1"]
[SourceVersionDate "2023.10.10"]
[SourceQuality "1"]

1. e4 Nf6 2. Nc3 d5 3. exd5 Nxd5 4. Nxd5 Qxd5 5. Nf3 Bg4 6. Be2 Nc6 7. d4 0-0-0 8. c3 e5 9. h3 Bh5 10. Be3 exd4 11. c4 Bb4+ 12. Bd2 Qe4 13. Ng5 Qxg2 0-1

[Event "Benidorm op 18th"]
[Site "Benidorm"]
[Date "2017.06.13"]
[Round "3"]
[White "Sanz Garcia, Ramon"]
[Black "Lago Carballo, Carmen"]
[Result "1-0"]
[WhiteElo "1762"]
[BlackElo "1414"]
[PlyCount "37"]
[EventDate "2017.06.11"]
[EventType "swiss"]
[EventRounds "7"]
[EventCountry "ESP"]
[SourceTitle "EXT 2018"]
[Source "ChessBase"]
[SourceDate "2017.10.13"]
[SourceVersion "1"]
[SourceVersionDate "2017.10.13"]
[SourceQuality "1"]

1. d4 d5 2. c4 c6 3. cxd5 cxd5 4. Nc3 Nf6 5. Bf4 Bf5 6. Nf3 e6 7. e3 a6 8. Bd3 Bxd3 9. Qxd3 Bd6 10. Bxd6 Qxd6 11. 0-0 0-0 12. Rac1 Nc6 13. a3 Rfe8 14. Rfd1 e5 15. dxe5 Nxe5 16. Qe2 Nxf3+ 17. Qxf3 Re5 18. Ne2 Rf5 19. Qxf5 1-0

[Event "Benidorm op 18th"]
[Site "Benidorm"]
[Date "2017.06.12"]
[Round "2"]
[White "Redondo Maguregui, Juan Manuel"]
[Black "Sanz Garcia, Ramon"]
[Result "1-0"]
[WhiteElo "1624"]
[BlackElo "1762"]
[PlyCount "63"]
[EventDate "2017.06.11"]
[EventType "swiss"]
[EventRounds "7"]
[EventCountry "ESP"]
[SourceTitle "EXT 2018"]
[Source "ChessBase"]
[SourceDate "2017.10.13"]
[SourceVersion "1"]
[SourceVersionDate "2017.10.13"]
[SourceQuality "1"]

1. c4 Nf6 2. Nf3 e6 3. b3 d5 4. Bb2 Be7 5. g3 0-0 6. Bg2 c6 7. 0-0 Nbd7 8. d3 Re8 9. Nbd2 Bd6 10. e4 dxe4 11. dxe4 e5 12. a3 Nc5 13. Qc2 Nfd7 14. b4 Ne6 15. c5 Bc7 16. Nc4 f6 17. Rab1 b6 18. Nd6 Bxd6 19. cxd6 Ba6 20. Rfe1 c5 21. Bh3 cxb4 22. axb4 Qc8 23. Qa4 Bc4 24. b5 Qc5 25. Rec1 Bxb5 26. Qb3 Qxd6 27. Rd1 Qe7 28. Qxb5 Ndc5 29. Bc3 a6 30. Qxb6 Rab8 31. Bxe6+ Nxe6 32. Qxb8 1-0

[Event "Madrid FEDC-ch 25th"]
[Site "Madrid"]
[Date "2016.11.07"]
[Round "2"]
[White "Aguilar Sevilla, Diego"]
[Black "Sanz Garcia, Ramon"]
[Result "1-0"]
[WhiteElo "2135"]
[BlackElo "1804"]
[PlyCount "51"]
[EventDate "2016.11.06"]
[EventType "swiss"]
[EventRounds "8"]
[EventCountry "ESP"]
[SourceTitle "CBM 175 Extra"]
[Source "ChessBase"]
[SourceDate "2016.12.12"]
[SourceVersion "1"]
[SourceVersionDate "2016.12.12"]
[SourceQuality "1"]

1. e4 c5 2. Nf3 Nc6 3. Bb5 Nf6 4. Nc3 a6 5. Bxc6 dxc6 6. d3 Bg4 7. h3 Bh5 8. g4 Bg6 9. Bf4 e6 10. a4 a5 11. Qe2 Be7 12. Bg3 Nd7 13. e5 Qb6 14. 0-0-0 Qb4 15. Nd2 b5 16. Qf3 Rc8 17. axb5 cxb5 18. Qb7 Rb8 19. Qc6 a4 20. Nde4 Qa5 21. Nd6+ Bxd6 22. Qxd6 a3 23. Bh4 axb2+ 24. Kd2 f6 25. exf6 Kd8 26. fxg7+ 1-0

[Event "Benidorm FEDC op 16th"]
[Site "Benidorm"]
[Date "2016.06.13"]
[Round "2.6"]
[White "Sanz Garcia, Ramon"]
[Black "Garcia Andrinal, Antonio"]
[Result "1-0"]
[WhiteElo "1800"]
[BlackElo "1682"]
[PlyCount "85"]
[EventDate "2016.06.12"]
[EventType "swiss"]
[EventRounds "7"]
[EventCountry "ESP"]
[SourceTitle "EXT 2024"]
[Source "ChessBase"]
[SourceDate "2023.10.10"]
[SourceVersion "1"]
[SourceVersionDate "2023.10.10"]
[SourceQuality "1"]

1. d4 d5 2. Nf3 g6 3. c4 c6 4. Nc3 Bg7 5. e3 Nf6 6. Bd3 Nbd7 7. Qc2 Nb6 8. b3 Be6 9. c5 Nc8 10. b4 Bg4 11. Ne5 0-0 12. Nxg4 Nxg4 13. h3 Nf6 14. 0-0 e6 15. f4 Ne7 16. b5 cxb5 17. Nxb5 Nc6 18. Rb1 Qd7 19. Nc3 a6 20. Bd2 Rab8 21. Be1 Rfc8 22. a4 Qc7 23. Bg3 Qd7 24. Rb2 Ne7 25. Rfb1 Nf5 26. Bxf5 exf5 27. Rb6 Rc6 28. Rxc6 Qxc6 29. Rb6 Qc7 30. Qb3 Qe7 31. Bf2 Qd7 32. Rxa6 Rc8 33. Rb6 Rc7 34. Nb5 Rc6 35. Nd6 Bf8 36. Rxb7 Qe6 37. Nxf7 Ne4 38. Nd8 Qf6 39. Qxd5+ Kh8 40. Qf7 Qxf7 41. Rxf7 Kg8 42. Rxf8+ Kxf8 43. Nxc6 1-0

[Event "FEDC Cup Div/1 16th"]
[Site "Cambrils"]
[Date "2015.11.27"]
[Round "6.4"]
[White "Mendez Manturano, Miguel Eduardo"]
[Black "Sanz Garcia, Ramon"]
[Result "0-1"]
[WhiteElo "1547"]
[BlackElo "1758"]
[PlyCount "100"]
[EventDate "2015.11.22"]
[EventType "team-tourn"]
[EventRounds "7"]
[EventCountry "ESP"]
[SourceTitle "CBM 169 Extra"]
[Source "ChessBase"]
[SourceDate "2015.12.18"]
[SourceVersion "1"]
[SourceVersionDate "2015.12.18"]
[SourceQuality "1"]
[WhiteTeam "Madrid"]
[BlackTeam "Castilla y Leon"]
[WhiteTeamCountry "ESP"]
[BlackTeamCountry "ESP"]

1. e4 Nf6 2. d3 c5 3. Nf3 Nc6 4. c3 d6 5. d4 cxd4 6. cxd4 Nxe4 7. d5 Qa5+ 8. Nbd2 Nxd2 9. Qxd2 Qxd2+ 10. Bxd2 Ne5 11. Nxe5 dxe5 12. Rc1 g6 13. Rc7 Kd8 14. Ba5 b6 15. Rxa7 Rxa7 16. Bxb6+ Rc7 17. Bb5 e6 18. 0-0 Bd6 19. Rc1 Bb7 20. dxe6 fxe6 21. Rd1 Bd5 22. Bc6 Kc8 23. Bxc7 Kxc7 24. Bxd5 exd5 25. Rxd5 Ra8 26. g4 Rxa2 27. Rd3 Rxb2 28. Rh3 Bc5 29. Rxh7+ Kd8 30. Rf7 Ke8 31. Rf3 Ke7 32. h4 Rb4 33. Rg3 Rf4 34. Rg2 Kf6 35. Kf1 e4 36. Ke2 Rf3 37. Rh2 Ra3 38. Rg2 Bd4 39. h5 gxh5 40. gxh5 Ra2+ 41. Kf1 Ra1+ 42. Ke2 Rh1 43. Rg4 Kf5 44. Rg8 Rxh5 45. Rf8+ Kg4 46. f3+ exf3+ 47. Kd3 Bc5 48. Rg8+ Kf4 49. Ra8 f2 50. Ke2 Re5+ 0-1

[Event "Benidorm Ciegos-ch 15th"]
[Site "Benidorm"]
[Date "2015.06.08"]
[Round "2"]
[White "Sanz Garcia, Ramon"]
[Black "Iglesias Estrada, Jesus"]
[Result "1-0"]
[WhiteElo "1763"]
[BlackElo "1624"]
[PlyCount "65"]
[EventDate "2015.06.07"]
[EventType "swiss"]
[EventRounds "7"]
[EventCountry "ESP"]
[SourceTitle "CBM 167 Extra"]
[Source "ChessBase"]
[SourceDate "2015.09.14"]
[SourceVersion "1"]
[SourceVersionDate "2015.09.14"]
[SourceQuality "1"]

1. d4 d5 2. c4 Nc6 3. Nf3 e6 4. Nc3 Nf6 5. Bg5 Be7 6. e3 0-0 7. Bd3 h6 8. Bh4 b6 9. cxd5 exd5 10. h3 Re8 11. 0-0 a5 12. Rc1 Be6 13. Bb5 Bd7 14. Bxf6 Bxf6 15. Nxd5 Re6 16. Qa4 Nxd4 17. Nxf6+ Rxf6 18. Nxd4 Bxb5 19. Qxb5 c5 20. Nf3 Ra7 21. Rfd1 Rd6 22. Rxd6 Qxd6 23. Qe8+ Kh7 24. Qe5 Qd8 25. Kf1 Rd7 26. Ke2 Rd5 27. Qe4+ f5 28. Qc2 Qf6 29. Rd1 Rxd1 30. Kxd1 Qd6+ 31. Qd2 Qf6 32. Kc1 b5 33. Qxa5 1-0

[Event "Linares FEDC-ch 24th"]
[Site "Linares"]
[Date "2014.11.23"]
[Round "8"]
[White "Sanz Garcia, Ramon"]
[Black "Sanchez Ruiz, Piedad Esmeralda"]
[Result "1-0"]
[WhiteElo "1706"]
[BlackElo "1861"]
[PlyCount "57"]
[EventDate "2014.11.16"]
[EventType "swiss"]
[EventRounds "8"]
[EventCountry "ESP"]
[SourceTitle "CBM 163 Extra"]
[Source "ChessBase"]
[SourceDate "2014.12.23"]
[SourceVersion "1"]
[SourceVersionDate "2014.12.23"]
[SourceQuality "1"]

1. d4 d5 2. Bf4 Nf6 3. Nf3 e6 4. e3 c5 5. c3 Nc6 6. Bd3 Be7 7. Nbd2 Nh5 8. Bg3 Nxg3 9. hxg3 g6 10. Qe2 cxd4 11. exd4 Bf6 12. 0-0-0 Qa5 13. Kb1 a6 14. Rh2 b5 15. Nb3 Qb6 16. g4 b4 17. c4 dxc4 18. Bxc4 a5 19. d5 Nd8 20. g5 Bg7 21. Rh4 0-0 22. Rdh1 exd5 23. Bxd5 Ra6 24. Rxh7 Ne6 25. Qe4 Qxf2 26. Nbd2 Nxg5 27. Rxg7+ Kxg7 28. Qe5+ f6 29. Qh2 1-0

[Event "Benidorm FEDC op 14th"]
[Site "Benidorm"]
[Date "2014.06.13"]
[Round "6"]
[White "Gonzalez Quijano, Leopoldo"]
[Black "Sanz Garcia, Ramon"]
[Result "0-1"]
[WhiteElo "1527"]
[BlackElo "1740"]
[PlyCount "36"]
[EventDate "2014.06.08"]
[EventType "swiss"]
[EventRounds "7"]
[EventCountry "ESP"]
[SourceTitle "EXT 2016"]
[Source "ChessBase"]
[SourceDate "2015.10.08"]
[SourceVersion "1"]
[SourceVersionDate "2015.10.08"]
[SourceQuality "1"]

1. d4 d5 2. c4 e6 3. Nc3 c5 4. dxc5 d4 5. Ne4 Nc6 6. Nf3 Nf6 7. Bg5 Be7 8. Nd6+ Bxd6 9. cxd6 e5 10. e3 Qxd6 11. a3 0-0 12. Qd3 e4 13. Bf4 Qxf4 14. exf4 exd3 15. Bxd3 Re8+ 16. Kd2 Ne4+ 17. Bxe4 Rxe4 18. g3 Bg4 0-1

[Event "Benidorm FEDC op 14th"]
[Site "Benidorm"]
[Date "2014.06.11"]
[Round "4"]
[White "Salas Rasilla, Concepcion"]
[Black "Sanz Garcia, Ramon"]
[Result "1-0"]
[WhiteElo "1647"]
[BlackElo "1740"]
[PlyCount "75"]
[EventDate "2014.06.08"]
[EventType "swiss"]
[EventRounds "7"]
[EventCountry "ESP"]
[SourceTitle "EXT 2016"]
[Source "ChessBase"]
[SourceDate "2015.10.08"]
[SourceVersion "1"]
[SourceVersionDate "2015.10.08"]
[SourceQuality "1"]

1. Nf3 Nf6 2. c4 g6 3. g3 Bg7 4. Bg2 d6 5. d4 0-0 6. 0-0 Nbd7 7. Nc3 e5 8. e4 c6 9. h3 Qa5 10. Qc2 exd4 11. Nxd4 Ne5 12. b3 Re8 13. Bd2 Qb6 14. Be3 Qc7 15. Rad1 Be6 16. Kh2 Ned7 17. Rfe1 Nb6 18. Re2 h5 19. Nxe6 Rxe6 20. Bf4 Qe7 21. Red2 Ne8 22. Bxd6 Nxd6 23. c5 Nxe4 24. Nxe4 Nd5 25. Nd6 Nf6 26. Qc4 Ne8 27. h4 Nxd6 28. cxd6 Qd7 29. Bh3 f5 30. Bf1 Kf8 31. Qc5 a6 32. Re2 Rae8 33. Rxe6 Rxe6 34. Bc4 Re5 35. Qb6 Bf6 36. Qc7 Qxc7 37. dxc7 Re8 38. Be6 1-0

[Event "Valladolid Once-ch 23rd"]
[Site "Valladolid"]
[Date "2012.11.24"]
[Round "7"]
[White "Garcia Cervigon, Cecilio"]
[Black "Sanz Garcia, Ramon"]
[Result "0-1"]
[WhiteElo "1824"]
[BlackElo "1667"]
[PlyCount "67"]
[EventDate "2012.11.18"]
[EventType "swiss"]
[EventRounds "8"]
[EventCountry "ESP"]
[SourceTitle "CBM 151 Extra"]
[Source "ChessBase"]
[SourceDate "2012.12.18"]
[SourceVersion "1"]
[SourceVersionDate "2012.12.18"]
[SourceQuality "1"]

1. d4 Nf6 2. c4 g6 3. Nc3 Bg7 4. e4 d6 5. f3 0-0 6. Be3 e5 7. d5 c6 8. Qd2 cxd5 9. cxd5 Nbd7 10. Nh3 a6 11. a4 Nc5 12. Bxc5 dxc5 13. Nf2 Ne8 14. a5 b5 15. axb6 Qxb6 16. Na4 Qb4 17. Nd3 Qxd2+ 18. Kxd2 Nd6 19. Ndxc5 f5 20. Bd3 fxe4 21. Nxe4 Nf5 22. Nac5 Bh6+ 23. Ke2 Rb8 24. Rab1 Rd8 25. b3 Kh8 26. Bc4 Ne3 27. Kf2 Nxd5 28. Rhd1 Be3+ 29. Ke1 Bd4 30. g4 Nc3 31. Nxc3 Bxc3+ 32. Ke2 Bd4 33. Nxa6 Rb6 34. Nc7 0-1

[Event "Valladolid Once-ch 23rd"]
[Site "Valladolid"]
[Date "2012.11.22"]
[Round "5"]
[White "Sanz Garcia, Ramon"]
[Black "Knafo, Michael"]
[Result "1-0"]
[WhiteElo "1667"]
[BlackElo "1871"]
[PlyCount "53"]
[EventDate "2012.11.18"]
[EventType "swiss"]
[EventRounds "8"]
[EventCountry "ESP"]
[SourceTitle "CBM 151 Extra"]
[Source "ChessBase"]
[SourceDate "2012.12.18"]
[SourceVersion "1"]
[SourceVersionDate "2012.12.18"]
[SourceQuality "1"]

1. e4 e5 2. Nf3 Nc6 3. Bb5 a6 4. Ba4 Nf6 5. 0-0 b5 6. Bb3 Bc5 7. c3 0-0 8. d4 exd4 9. cxd4 Bb6 10. e5 Ne8 11. Bg5 Ne7 12. Nc3 Bb7 13. Nd5 Bxd5 14. Bxd5 c6 15. Bb3 Kh8 16. Qd3 f6 17. exf6 Nxf6 18. Ne5 Qe8 19. Bc2 g6 20. h4 d6 21. Bxf6+ Rxf6 22. Ng4 Rf4 23. Qg3 Qf8 24. Ne3 Bxd4 25. Rad1 Bxb2 26. Rxd6 Be5 27. Re6 1-0

[Event "Valladolid Once-ch 23rd"]
[Site "Valladolid"]
[Date "2012.11.21"]
[Round "4"]
[White "Palacios Perez, Manuel"]
[Black "Sanz Garcia, Ramon"]
[Result "1-0"]
[WhiteElo "2152"]
[BlackElo "1667"]
[PlyCount "53"]
[EventDate "2012.11.18"]
[EventType "swiss"]
[EventRounds "8"]
[EventCountry "ESP"]
[SourceTitle "CBM 151 Extra"]
[Source "ChessBase"]
[SourceDate "2012.12.18"]
[SourceVersion "1"]
[SourceVersionDate "2012.12.18"]
[SourceQuality "1"]

1. d4 Nf6 2. c4 g6 3. Nc3 d5 4. cxd5 Nxd5 5. g3 Nxc3 6. bxc3 Bg7 7. Bg2 c6 8. e4 0-0 9. Ne2 Nd7 10. 0-0 b5 11. a4 a5 12. e5 Ra6 13. axb5 cxb5 14. Qb3 Qb6 15. Bg5 e6 16. Rfb1 Bb7 17. Qxb5 Qxb5 18. Rxb5 Bxg2 19. Kxg2 a4 20. Nc1 Rc8 21. Na2 Nb6 22. Nb4 Rca8 23. Nxa6 Rxa6 24. Rab1 h6 25. Rxb6 Rxb6 26. Rxb6 hxg5 27. Ra6 1-0

[Event "Benidorm FEDC op 12th"]
[Site "Benidorm"]
[Date "2012.06.18"]
[Round "2"]
[White "Sanz Garcia, Ramon"]
[Black "Diaz Illescas, Juan Carlos"]
[Result "0-1"]
[WhiteElo "1683"]
[BlackElo "1886"]
[PlyCount "85"]
[EventDate "2012.06.17"]
[EventType "swiss"]
[EventRounds "7"]
[EventCountry "ESP"]
[SourceTitle "EXT 2024"]
[Source "ChessBase"]
[SourceDate "2023.10.10"]
[SourceVersion "1"]
[SourceVersionDate "2023.10.10"]
[SourceQuality "1"]

1. e4 c5 2. Nc3 e6 3. Nf3 Nc6 4. d4 cxd4 5. Nxd4 a6 6. Be2 Qc7 7. Nxc6 bxc6 8. 0-0 Nf6 9. Re1 d5 10. Bf3 Be7 11. Be3 0-0 12. Qd2 Bb7 13. exd5 cxd5 14. Bf4 Bd6 15. Bxd6 Qxd6 16. Rad1 Rac8 17. Ne4 Nxe4 18. Bxe4 f5 19. Bd3 e5 20. c3 e4 21. Bc2 Rcd8 22. Qd4 Qf6 23. Qxf6 Rxf6 24. Rd4 Rfd6 25. Red1 Kf8 26. c4 Ke7 27. c5 Re6 28. Re1 Kf6 29. b4 Bc6 30. a4 Rd7 31. Kf1 g5 32. g4 Ke5 33. Rd3 f4 34. f3 e3 35. Ke2 Rb7 36. b5 axb5 37. a5 b4 38. Rb3 Ra7 39. Ra1 Bb5+ 40. Bd3 Bc4 41. Bxc4 dxc4 42. Rbb1 Kd4 43. a6 0-1

[Event "Benidorm Once Cup tt"]
[Site "Benidorm"]
[Date "2011.11.19"]
[Round "7.4"]
[White "De los Heros Torres, Francisco"]
[Black "Sanz Garcia, Ramon"]
[Result "0-1"]
[WhiteElo "1642"]
[BlackElo "1667"]
[PlyCount "20"]
[EventDate "2011.11.13"]
[EventType "team-tourn"]
[EventRounds "7"]
[EventCountry "ESP"]
[SourceTitle "CBM 145 Extra"]
[Source "ChessBase"]
[SourceDate "2012.01.03"]
[SourceVersion "1"]
[SourceVersionDate "2012.01.03"]
[SourceQuality "1"]
[WhiteTeam "Madrid II"]
[BlackTeam "Castilla y Leon"]
[WhiteTeamCountry "ESP"]
[BlackTeamCountry "ESP"]

1. e4 c5 2. Nf3 Nc6 3. d4 cxd4 4. Nxd4 g6 5. Be3 Bg7 6. Nc3 Nf6 7. Qd2 0-0 8. f3 d5 9. Nxc6 bxc6 10. Bd3 d4 0-1

[Event "Salou op 14th"]
[Site "Salou"]
[Date "2011.06.20"]
[Round "2"]
[White "Menendez Solar, Jose Carlos"]
[Black "Sanz Garcia, Ramon"]
[Result "1-0"]
[WhiteElo "1853"]
[BlackElo "1652"]
[PlyCount "69"]
[EventDate "2011.06.19"]
[EventType "swiss"]
[EventRounds "7"]
[EventCountry "ESP"]
[SourceTitle "CBM 143 Extra"]
[Source "ChessBase"]
[SourceDate "2011.08.29"]
[SourceVersion "1"]
[SourceVersionDate "2011.08.29"]
[SourceQuality "1"]

1. d4 Nf6 2. Nf3 g6 3. c4 Bg7 4. Nc3 0-0 5. e4 d6 6. Be2 e5 7. 0-0 Nc6 8. d5 Ne7 9. Ne1 Nd7 10. Nd3 f5 11. Bd2 Nf6 12. f3 f4 13. c5 g5 14. cxd6 cxd6 15. Rc1 Ng6 16. Qb3 h5 17. Nb5 Rf7 18. Bb4 Ne8 19. Qa3 Bf8 20. Rc2 g4 21. Rfc1 Qb6+ 22. Kh1 Qxb5 23. Nxe5 Qb6 24. Nxg6 Bd7 25. Ba5 Qd4 26. Bc3 Qb6 27. Nxf8 Kxf8 28. b3 g3 29. hxg3 fxg3 30. Qa5 Qe3 31. Bd2 Qd4 32. Qc3 Qb6 33. Qh8+ Ke7 34. Bg5+ Nf6 35. Qxa8 1-0

[Event "ESP-ch blind 22nd"]
[Site "Benidorm"]
[Date "2010.11.21"]
[Round "8"]
[White "Sanz Garcia, Ramon"]
[Black "Salas Rasilla, Concepcion"]
[Result "1-0"]
[WhiteElo "1628"]
[BlackElo "1825"]
[PlyCount "77"]
[EventDate "2010.11.14"]
[EventType "swiss"]
[EventRounds "8"]
[EventCountry "ESP"]
[SourceTitle "CBM 139 Extra"]
[Source "ChessBase"]
[SourceDate "2011.01.05"]
[SourceVersion "1"]
[SourceVersionDate "2011.01.05"]
[SourceQuality "1"]

1. e4 c5 2. Nf3 e6 3. d4 cxd4 4. Nxd4 a6 5. Nc3 Qc7 6. Be2 Nf6 7. a3 Nc6 8. Be3 Be7 9. 0-0 0-0 10. Kh1 d6 11. f4 Bd7 12. Nb3 Rad8 13. Qe1 Bc8 14. Rd1 b5 15. Bf3 Bb7 16. Qf2 Nd7 17. g4 Rde8 18. Rg1 Nc5 19. Nxc5 dxc5 20. Ne2 e5 21. f5 Nd4 22. c3 Nxf3 23. Qxf3 Rd8 24. Ng3 Qc6 25. g5 Rfe8 26. f6 Rxd1 27. Rxd1 gxf6 28. gxf6 Bxf6 29. Rf1 Re6 30. Kg1 Qc7 31. Nf5 Bg7 32. Rf2 Rg6+ 33. Rg2 c4 34. h4 Qd7 35. h5 Rxg2+ 36. Kxg2 Qe6 37. Qg4 Qf6 38. h6 Qg6 39. Ne7+ 1-0

[Event "ESP-ch blind 22nd"]
[Site "Benidorm"]
[Date "2010.11.19"]
[Round "6"]
[White "Sanz Garcia, Ramon"]
[Black "Bravo de los Santos, Francisco"]
[Result "0-1"]
[WhiteElo "1628"]
[BlackElo "1877"]
[PlyCount "62"]
[EventDate "2010.11.14"]
[EventType "swiss"]
[EventRounds "8"]
[EventCountry "ESP"]
[SourceTitle "CBM 139 Extra"]
[Source "ChessBase"]
[SourceDate "2011.01.05"]
[SourceVersion "1"]
[SourceVersionDate "2011.01.05"]
[SourceQuality "1"]

1. e4 c5 2. c3 d5 3. exd5 Qxd5 4. d4 Nf6 5. Nf3 Bg4 6. Be2 e6 7. 0-0 Nc6 8. h3 Bh5 9. Be3 cxd4 10. Nxd4 Bxe2 11. Qxe2 Nxd4 12. Bxd4 Be7 13. Rd1 Qc6 14. c4 0-0 15. Nc3 Rfd8 16. b3 a6 17. Rac1 Rac8 18. Qe3 h6 19. Rd3 b5 20. cxb5 axb5 21. Ne2 Qe4 22. Rxc8 Rxc8 23. Qxe4 Nxe4 24. Be3 Rc2 25. Nd4 Rxa2 26. Nxb5 Nc5 27. Rc3 Ne4 28. Rd3 Ra1+ 29. Kh2 Rf1 30. Bb6 Nxf2 31. Nc3 Nxd3 0-1